[Event "Recklinghausen op 16th"]
[Site "Recklinghausen"]
[Date "2006.10.13"]
[Round "6"]
[White "Baumgaertel, Moritz"]
[Black "Bosau, Jens"]
[Result "1/2-1/2"]
[WhiteElo "2070"]
[BlackElo "1782"]
[PlyCount "69"]
[EventDate "2006.10.07"]
[EventType "swiss"]
[EventRounds "7"]
[EventCountry "GER"]
[SourceTitle "CBM 114 Extra"]
[Source "ChessBase"]
[SourceDate "2006.11.03"]
[SourceVersion "1"]
[SourceVersionDate "2006.11.03"]
[SourceQuality "1"]

1. e4 d6 2. d4 Nf6 3. Nc3 g6 4. f3 Bg7 5. Be3 h5 6. Qd2 a6 7. a4 Nbd7 8. Bd3 e5 9. d5 b6 10. Nge2 Nc5 11. 0-0 Nxd3 12. Qxd3 Nd7 13. Qd2 f6 14. Nd1 g5 15. Nf2 a5 16. Nd3 Ba6 17. Ng3 Nc5 18. Nf5 Kf7 19. Rfb1 Bxd3 20. Bxc5 Bxc2 21. Qxc2 bxc5 22. Ra3 Qb8 23. Rb3 Qa7 24. Qc4 Rhb8 25. Rb5 Rb7 26. Ra1 Rab8 27. Ra3 Rxb5 28. axb5 Qb6 29. Qa4 Qxb5 30. Qxa5 Qxa5 31. Rxa5 Rc8 32. Ra7 Bf8 33. Rb7 Ke8 34. h3 Kd7 35. g4 1/2-1/2

[Event "Recklinghausen op 16th"]
[Site "Recklinghausen"]
[Date "2006.10.10"]
[Round "2"]
[White "Baumgaertel, Moritz"]
[Black "Michalicek, Roland"]
[Result "0-1"]
[WhiteElo "2070"]
[BlackElo "1785"]
[PlyCount "54"]
[EventDate "2006.10.07"]
[EventType "swiss"]
[EventRounds "7"]
[EventCountry "GER"]
[SourceTitle "CBM 114 Extra"]
[Source "ChessBase"]
[SourceDate "2006.11.03"]
[SourceVersion "1"]
[SourceVersionDate "2006.11.03"]
[SourceQuality "1"]

1. e4 e5 2. Nf3 Nf6 3. Bc4 Nxe4 4. 0-0 d5 5. Bb3 Nc6 6. d4 exd4 7. Nxd4 Bc5 8. c3 0-0 9. Bf4 Nxd4 10. cxd4 Bb6 11. Nc3 Nxc3 12. bxc3 c6 13. Bc2 Bc7 14. Qd2 Bxf4 15. Qxf4 Qa5 16. Qg3 Bd7 17. Rab1 b5 18. a4 a6 19. Ra1 Qd8 20. Qd6 Rc8 21. axb5 axb5 22. Ra7 Be6 23. Qc5 Ra8 24. Rfa1 Rxa7 25. Qxa7 Qg5 26. Qa2 Bh3 27. g3 Qg4 0-1

[Event "Recklinghausen op 16th"]
[Site "Recklinghausen"]
[Date "2006.10.09"]
[Round "1"]
[White "Mainka, Romuald"]
[Black "Baumgaertel, Moritz"]
[Result "1-0"]
[WhiteElo "2485"]
[BlackElo "2070"]
[PlyCount "81"]
[EventDate "2006.10.07"]
[EventType "swiss"]
[EventRounds "7"]
[EventCountry "GER"]
[SourceTitle "CBM 114 Extra"]
[Source "ChessBase"]
[SourceDate "2006.11.03"]
[SourceVersion "1"]
[SourceVersionDate "2006.11.03"]
[SourceQuality "1"]

1. e4 c5 2. Nf3 d6 3. Bb5+ Bd7 4. Bxd7+ Qxd7 5. c4 Nc6 6. d4 cxd4 7. Nxd4 Nf6 8. Nc3 g6 9. f3 Bg7 10. Be3 0-0 11. 0-0 Rac8 12. b3 Qd8 13. Rc1 Qa5 14. Kh1 Rfe8 15. Qd2 Nd7 16. Rfd1 Nc5 17. Nxc6 bxc6 18. Bd4 Bxd4 19. Qxd4 Ne6 20. Qe3 Qc5 21. Qd2 Qe5 22. Rf1 Nd4 23. f4 Qg7 24. c5 Red8 25. cxd6 Rxd6 26. Qf2 Rcd8 27. e5 R6d7 28. Ne4 f6 29. exf6 exf6 30. Qh4 Rf8 31. h3 f5 32. Nc5 Rd5 33. Rfe1 Qf6 34. Qxf6 Rxf6 35. b4 Kf7 36. Rc3 Rdd6 37. Ra3 Nb5 38. Ra6 Kg7 39. a4 Nc3 40. Rxa7+ Rf7 41. Ree7 1-0

[Event "Dortmund op-A"]
[Site "Dortmund"]
[Date "2005.07.16"]
[Round "8"]
[White "Hegemann, Eike"]
[Black "Baumgaertel, Moritz"]
[Result "1-0"]
[WhiteElo "2119"]
[BlackElo "1832"]
[PlyCount "78"]
[EventDate "2005.07.08"]
[EventType "swiss"]
[EventRounds "9"]
[EventCountry "GER"]
[SourceTitle "CBM 107 Extra"]
[Source "ChessBase"]
[SourceDate "2005.09.01"]
[SourceVersion "1"]
[SourceVersionDate "2005.09.01"]
[SourceQuality "1"]

1. e4 c5 2. Nf3 d6 3. Bb5+ Bd7 4. Bxd7+ Qxd7 5. 0-0 Nc6 6. c3 Nf6 7. Qe2 e6 8. d4 cxd4 9. cxd4 d5 10. e5 Ne4 11. Rd1 Be7 12. Ne1 h6 13. f3 Ng5 14. Nc3 Rc8 15. Be3 0-0 16. f4 Ne4 17. Nxe4 dxe4 18. Bf2 Qd5 19. Nc2 Rfd8 20. Qg4 f5 21. Qg6 Nb4 22. Ne3 Qd7 23. g4 Nd5 24. Nxd5 Qxd5 25. gxf5 exf5 26. Qxf5 Rc2 27. Be3 Rdc8 28. Kh1 Qc4 29. Re1 Bh4 30. Rg1 Qe2 31. Qh3 R8c7 32. Raf1 Kh8 33. f5 Rxb2 34. Qxh4 Rcc2 35. Qd8+ Kh7 36. Rxg7+ Kxg7 37. Qf6+ Kg8 38. Rg1+ Qg2+ 39. Rxg2+ Rxg2 1-0

[Event "Dortmund op-A"]
[Site "Dortmund"]
[Date "2005.07.12"]
[Round "5"]
[White "Baumgaertel, Moritz"]
[Black "Orth, Roman"]
[Result "1-0"]
[WhiteElo "1832"]
[BlackElo "2070"]
[PlyCount "69"]
[EventDate "2005.07.08"]
[EventType "swiss"]
[EventRounds "9"]
[EventCountry "GER"]
[SourceTitle "CBM 107 Extra"]
[Source "ChessBase"]
[SourceDate "2005.09.01"]
[SourceVersion "1"]
[SourceVersionDate "2005.09.01"]
[SourceQuality "1"]

1. e4 c5 2. Nf3 e6 3. d4 cxd4 4. Nxd4 Nc6 5. Nb5 d6 6. Bf4 e5 7. Be3 a6 8. N5c3 Nf6 9. Bc4 Be7 10. Nd5 Nxd5 11. Bxd5 0-0 12. Nc3 Kh8 13. 0-0 f5 14. exf5 Bxf5 15. Qd2 Rc8 16. Ne4 Qe8 17. c3 Qg6 18. f3 h6 19. Rad1 Rcd8 20. Qe2 Bc8 21. Rd2 h5 22. Rfd1 h4 23. Bb6 Rd7 24. Qc4 Bd8 25. Bxd8 Rdxd8 26. Bxc6 bxc6 27. Rxd6 Rxd6 28. Rxd6 Qf5 29. h3 Qf4 30. Qd3 Qc1+ 31. Qd1 Qxb2 32. Qe1 Qb6+ 33. Kh1 Rf4 34. Ng5 Qa5 35. Qxe5 1-0